| 000 | 00731nam a22002177a 4500 | ||
|---|---|---|---|
| 003 | UA-OsUOA | ||
| 001 | 96789 | ||
| 007 | ta | ||
| 008 | 20130321b un ||||| |||| 00| 0 ukr d | ||
| 090 |
_a821.111 _bМ68 |
||
| 942 | _cBK | ||
| 040 |
_aUA-OsUOA _brus _cUA-OsUOA _dUA-OsUOA |
||
| 245 |
_aМифы, предания и сказки западной Полинезии, острова Самоа, Тонга, Ниуэ и Ротума _cсост. М. Полинская |
||
| 300 | _a351 с. | ||
| 955 | _a3 | ||
| 041 | _arus | ||
| 080 | _a821.111 | ||
| 260 |
_aМ. _bГлавред восточной литературы _c1986 |
||
| 650 | 7 |
_a82 Література. Літературознавство _2UDC |
|
| 999 |
_c383039 _d383039 |
||